=LDR 00000nam 2200000 4500 =001 INLIS000000000036123 =005 20171202121245 =035 ##$$a 0010-061300000036123 =008 171202###########################0#ind## =041 ##$$a Ind =082 ##$$a F Rom K =090 ##$$a F Rom K, Lag o =100 ##$$a Lagonegro, Melissa =245 1#$$a Outside my window, /$c oleh Melisa Lagonegro ; alih bahasa, Ramayandi =260 ##$$a Jakarta :$b Gramedia,$c 2010 =300 ##$$a 31 hlm, ilus, ; $c 21 cm =650 ##$$a Fiksi Kanak-kanak =850 ##$$a NBPNMAT =084 ##$$a F Rom K LAG o =990 ##$$a 0001/BPAP-NTB/20142015 =990 ##$$a 1319413194 =990 ##$$a 21101177 =990 ##$$a 0001/BPAP-NTB/20142015